000 01088nam a22002537a 4500
005 2011080406576.0
008 090728t xxu||||| |||| 00| 0 pun d
010 _aPUN-7152
020 _c100.00
035 _aPN-6270
037 _bDBAD / PUB
040 _adpl
_bpn
082 _a850
100 _924414
_aਹਰਜਿੰਦਰ ਸਿੰਘ ਦਿਲਗੀਰ
245 _a1955 ਦਾ ਪੰਜਾਬੀ ਸੂਬਾ ਮੋਰਚਾ /
_bਹਰਜਿੰਦਰ ਸਿੰਘ ਦਿਲਗੀਰ
246 _a1955 Da punjabi subba morcha
_bby Harjinder Singh Dilgir
260 _aਅੰਮ੍ਰਿਤਸਰ
_bਸਿੱਖ ਇਤਿਹਾਸ ਰੀਸਰਚ ਬੋਰਡ (ਸ਼੍ਰੋਮਣੀ ਗੁਰਦੁਆਰਾ ਪ੍ਰਬੰਧਕ ਕਮੇਟੀ)
_c1999
270 _aS.G.P.C.
_bAmritsar
_e143002
300 _a216p.
_c24ਸੇਮੀ.
600 _931401
700 _935589
942 _2ddc
_cPN
_h850
_mਹਰਜਿੰ
999 _c57881
_d57881